000 00197 a2200097 4500
020 _a9780545215787
041 _aeng
100 _aBridwell,Norman
245 _aClifford the Big red Dog
942 _cBK
999 _c31802
_d31800